Architectural criticism and journalism : global perspectives : proceedings of an international seminar organised by the Aga Khan Award for Architecture in association with the Kuwait Society of (Record no. 8082)

000 -LEADER
fixed length control field 00528nam a22001457a 4500
003 - CONTROL NUMBER IDENTIFIER
control field OSt
005 - DATE AND TIME OF LATEST TRANSACTION
control field 20200706121719.0
008 - FIXED-LENGTH DATA ELEMENTS--GENERAL INFORMATION
fixed length control field 200706b ||||| |||| 00| 0 eng d
020 ## - INTERNATIONAL STANDARD BOOK NUMBER
International Standard Book Number 9788842214809
082 ## - DEWEY DECIMAL CLASSIFICATION NUMBER
Classification number 720
Item number MOH
110 ## - MAIN ENTRY--CORPORATE NAME
Corporate name or jurisdiction name as entry element Mohammad al-Asad w/ Majd Musa (Editor)
245 ## - TITLE STATEMENT
Title Architectural criticism and journalism : global perspectives : proceedings of an international seminar organised by the Aga Khan Award for Architecture in association with the Kuwait Society of
260 ## - PUBLICATION, DISTRIBUTION, ETC. (IMPRINT)
Name of publisher, distributor, etc Umberto Allemandi
942 ## - ADDED ENTRY ELEMENTS (KOHA)
Source of classification or shelving scheme
Holdings
Withdrawn status Lost status Source of classification or shelving scheme Damaged status Koha normalized classification for sorting Not for loan Permanent location Current location Date acquired Full call number Barcode Date last seen Price effective from Koha item type
        720_000000000000000_MOH   BMS College of Architecture, Design and Planning BMS College of Architecture, Design and Planning 2020-07-06 720 MOH AR-UG1439 2020-07-06 2020-07-06 UG Books
        720_000000000000000_MOH   BMS College of Architecture, Design and Planning BMS College of Architecture, Design and Planning 2021-02-23 720 MOH AR-UG2149 2021-02-23 2021-02-23 UG Books
Copyright © 2025, The Librarian, Library and Information Centre, BMSCA D&P, Bengaluru. All Rights Reserved
web counter

Powered by Koha